Population ecology : (Record no. 3222)

MARC details
000 -LEADER
fixed length control field 00728pam a2200241 a 4500
001 - CONTROL NUMBER
control field BD-DhSAU 3222
003 - CONTROL NUMBER IDENTIFIER
control field BD-DhSAU
005 - DATE AND TIME OF LATEST TRANSACTION
control field 20150204132737.0
008 - FIXED-LENGTH DATA ELEMENTS--GENERAL INFORMATION
fixed length control field 851101s1986 maua b 001 0 eng
020 ## - INTERNATIONAL STANDARD BOOK NUMBER
International Standard Book Number 9788185674544
040 ## - CATALOGING SOURCE
Original cataloging agency BD-DhSAU
082 00 - DEWEY DECIMAL CLASSIFICATION NUMBER
Classification number 581.788
Edition number 22
Item number BEP
100 1# - MAIN ENTRY--PERSONAL NAME
Personal name Begon, Michael.
245 10 - TITLE STATEMENT
Title Population ecology :
Remainder of title a unified study of animals and plants /
Statement of responsibility, etc. Michael Begon, Martin Mortimer.
250 ## - EDITION STATEMENT
Edition statement 2nd ed.
260 ## - PUBLICATION, DISTRIBUTION, ETC. (IMPRINT)
Place of publication, distribution, etc. Sunderland, Mass. :
Name of publisher, distributor, etc. Sinauer Associates ;
Date of publication, distribution, etc. 1986.
300 ## - PHYSICAL DESCRIPTION
Extent vii, 220 p. :
Other physical details ill. ;
Dimensions 23 cm.
504 ## - BIBLIOGRAPHY, ETC. NOTE
Bibliography, etc Includes indexes and Bibliography: p. 203-211.
590 ## - Name of Cataloguer
Name of Cataloger IMRAN
650 #0 - SUBJECT ADDED ENTRY--TOPICAL TERM
Topical term or geographic name as entry element Population biology.
650 #0 - SUBJECT ADDED ENTRY--TOPICAL TERM
Topical term or geographic name as entry element Ecology.
700 1# - ADDED ENTRY--PERSONAL NAME
Personal name Mortimer, Martin.
942 ## - ADDED ENTRY ELEMENTS (KOHA)
Source of classification or shelving scheme Dewey Decimal Classification
Koha item type Book
Holdings
Withdrawn status Lost status Source of classification or shelving scheme Damaged status Not for loan Home library Branch Name Shelving location Date acquired Total Checkouts Full call number Barcode Date last seen Price effective from Koha item type Collection code
    Dewey Decimal Classification     SAU Library SAU Library General Stacks 30/06/2002   581.788 BEP 30475 04/02/2015 04/02/2015 Book  
    Dewey Decimal Classification     SAU Library SAU Library General Stacks 30/06/2002   581.788 BEP 30473 04/02/2015 04/02/2015 Book  
    Dewey Decimal Classification     SAU Library SAU Library General Stacks 30/06/2002   581.788 BEP 30474 04/02/2015 04/02/2015 Book  
    Dewey Decimal Classification   Not For Loan SAU Library SAU Library Reference 30/06/2002   581.788 BEP 30472 29/04/2015 29/04/2015 Book Reference